[Event "Bayern-chTT (RL Sued-Ost)"]
[Site "Bayern 2008/09"]
[Date "2008.12.14"]
[Round "4.5"]
[White "Endthaler, Arnold"]
[Black "Wuerdinger, Alexander"]
[Result "0-1"]
[WhiteElo "2042"]
[BlackElo "2074"]
[PlyCount "66"]
[EventDate "2009.03.??"]
[EventType "team-tourn"]
[EventRounds "9"]
[WhiteTeam "Trostberg 1"]
[BlackTeam "Gräfelfing 1"]

1. e4 c5 2. Nf3 Nc6 3. d4 cxd4 4. Nxd4 Nf6 5. Nc3 e6 6. Nxc6 bxc6 7. Bd3 Be7 8.
e5 Nd5 9. Nxd5 exd5 10. Qg4 g6 11. O-O O-O 12. Qg3 Re8 13. f4 Ba6 14. Bxa6 Qb6+
15. Be3 Qxa6 16. h4 Qe2 17. Rf3 Qxc2 18. f5 Bc5 19. Raf1 Bxe3+ 20. Rxe3 d4 21.
Ree1 Rab8 22. Rf2 Qc5 23. h5 Kh8 24. hxg6 fxg6 25. Qh4 Rg8 26. Qf6+ Rg7 27.
fxg6 d3 28. Kf1 hxg6 29. Qg5 Rf8 30. Qh6+ Kg8 31. Rxf8+ Qxf8+ 32. Kg1 Qc5+ 33.
Qe3 d2 0-1

[Event "Bayern-chTT (RL Sued-Ost)"]
[Site "Bayern 2008/09"]
[Date "2008.12.14"]
[Round "4.7"]
[White "Huber, Hans"]
[Black "Soergel, Thomas"]
[Result "1/2-1/2"]
[WhiteElo "1921"]
[BlackElo "1937"]
[PlyCount "28"]
[EventDate "2009.03.??"]
[EventType "team-tourn"]
[EventRounds "9"]
[WhiteTeam "Trostberg 1"]
[BlackTeam "Gräfelfing 1"]

1. Nf3 d5 2. c4 e6 3. g3 Nf6 4. Bg2 c6 5. Qc2 Be7 6. O-O O-O 7. d4 Nbd7 8. Nbd2
Re8 9. e4 dxe4 10. Nxe4 Nxe4 11. Qxe4 Bf6 12. Be3 e5 13. Qc2 exd4 14. Bxd4 Bxd4
1/2-1/2

[Event "Bayern-chTT (RL Sued-Ost)"]
[Site "Bayern 2008/09"]
[Date "2008.12.14"]
[Round "4.8"]
[White "Meier, Desiderius"]
[Black "Reisser, Simon"]
[Result "1-0"]
[WhiteElo "1943"]
[BlackElo "1639"]
[PlyCount "97"]
[EventDate "2009.03.??"]
[EventType "team-tourn"]
[EventRounds "9"]
[WhiteTeam "Gräfelfing 1"]
[BlackTeam "Trostberg 1"]

1. Nc3 e5 2. b3 d5 3. Bb2 d4 4. Ne4 Bf5 5. Ng3 Bg6 6. e3 Nc6 7. Nf3 Qf6 8. Bb5
O-O-O 9. Bxc6 bxc6 10. O-O Bc5 11. e4 h5 12. h4 Qf4 13. d3 f6 14. Qe1 Ne7 15.
Qa5 Bb6 16. Qa6+ Kd7 17. a4 Bc5 18. Qa5 Bb6 19. Qb4 a5 20. Qe1 Bf7 21. Ba3 c5
22. Rd1 Be6 23. Qd2 Qg4 24. Ne2 Qg6 25. Ne1 Rdg8 26. f4 exf4 27. Nxf4 Qg4 28.
Nxe6 Qxe6 29. Qf4 Ng6 30. Qf2 Ne5 31. Bc1 Ke7 32. Nf3 Ng4 33. Qg3 Kd7 34. Rde1
c6 35. Bf4 Bd8 36. c3 g5 37. Bd2 dxc3 38. Bxc3 Qxb3 39. Ba1 gxh4 40. Nxh4 Qxa4
41. Rb1 Ne5 42. Qf2 Rg4 43. Qf5+ Kd6 44. Rb7 c4 45. Bxe5+ fxe5 46. Rd7+ Kc5 47.
Qxe5+ Kb6 48. Qb8+ Kc5 49. d4# 1-0

[Event "Bayern-chTT (RL Sued-Ost)"]
[Site "Bayern 2008/09"]
[Date "2009.01.11"]
[Round "5.1"]
[White "Lautner, Josef"]
[Black "Huch, Reiner"]
[Result "1/2-1/2"]
[WhiteElo "2185"]
[BlackElo "2251"]
[PlyCount "47"]
[EventDate "2009.03.??"]
[EventType "team-tourn"]
[EventRounds "9"]
[WhiteTeam "Passau 2"]
[BlackTeam "Trostberg 1"]

1. d4 d5 2. Nf3 Nf6 3. c4 dxc4 4. e3 Bg4 5. Bxc4 e6 6. h3 Bh5 7. Nc3 a6 8. g4
Bg6 9. Ne5 Nbd7 10. Nxg6 hxg6 11. Bf1 Bd6 12. Bg2 c6 13. Bd2 Qc7 14. Qe2 Nb6
15. g5 Nfd5 16. Ne4 Be7 17. f4 Nd7 18. O-O c5 19. dxc5 Nxc5 20. Nc3 Rd8 21.
Nxd5 exd5 22. Bc3 Ne6 23. Rad1 Bc5 24. Be5 1/2-1/2

[Event "Bayern-chTT (RL Sued-Ost)"]
[Site "Bayern 2008/09"]
[Date "2009.01.11"]
[Round "5.2"]
[White "Kern, Johannes Dr(61)"]
[Black "Eizenhammer, Peter"]
[Result "1/2-1/2"]
[WhiteElo "2135"]
[BlackElo "2103"]
[PlyCount "71"]
[EventDate "2009.03.??"]
[EventType "team-tourn"]
[EventRounds "9"]
[WhiteTeam "Trostberg 1"]
[BlackTeam "Passau 2"]

1. f4 e5 2. fxe5 Nc6 3. Nc3 d6 4. exd6 Bxd6 5. Nf3 g5 6. g3 g4 7. Nh4 Nge7 8.
Ne4 Be5 9. Nf2 Ng6 10. Nxg6 hxg6 11. c3 Qe7 12. d4 Bd6 13. Bg2 Bd7 14. Ne4 Rh5
15. Nxd6+ cxd6 16. Qd3 O-O-O 17. Qe3 Re8 18. Qxe7 Nxe7 19. O-O f5 20. e4 fxe4
21. Bxe4 Nf5 22. Bd3 Nxg3 23. Bf4 Ne2+ 24. Bxe2 Rxe2 25. Rf2 Rxf2 26. Kxf2 Rf5
27. Ke3 Kc7 28. c4 b6 29. Rc1 g5 30. Bg3 Rf3+ 31. Ke4 Kc6 32. d5+ Kc7 33. Kd4
Bf5 34. Rc3 Kd7 35. b4 a6 36. c5 1/2-1/2

[Event "Bayern-chTT (RL Sued-Ost)"]
[Site "Bayern 2008/09"]
[Date "2009.01.11"]
[Round "5.3"]
[White "Holzer, Richard(72)"]
[Black "Hartl, Aldo"]
[Result "1-0"]
[WhiteElo "2176"]
[BlackElo "2084"]
[PlyCount "58"]
[EventDate "2009.03.??"]
[EventType "team-tourn"]
[EventRounds "9"]
[WhiteTeam "Passau 2"]
[BlackTeam "Trostberg 1"]

1. e4 e5 2. Nf3 Nf6 3. Nxe5 d6 4. Nxf7 Kxf7 5. d4 c5 6. dxc5 Bg4 7. Qd3 d5 8.
e5 Ne4 9. Nc3 Nxc5 10. Qxd5+ Qxd5 11. Nxd5 Nba6 12. f4 g6 13. Ne3 Bf5 14. Bd2
Bh6 15. Bc4+ Be6 16. Rf1 Bxc4 17. Nxc4 Ne4 18. O-O-O Rac8 19. b3 Rhd8 20. Be3
b6 21. g3 Nb4 22. a3 Nd5 23. Bd4 Ke7 24. Rfe1 Nec3 25. Rd3 Nb5 26. Bb2 Ke6 27.
Red1 Nbc7 28. Nd6 Rb8 29. Ne4 Ke7 1-0

[Event "Bayern-chTT (RL Sued-Ost)"]
[Site "Bayern 2008/09"]
[Date "2009.01.11"]
[Round "5.4"]
[White "Moser, Wolfgang(48)"]
[Black "Lang, Josef jr(73)"]
[Result "0-1"]
[WhiteElo "2063"]
[BlackElo "1991"]
[PlyCount "138"]
[EventDate "2009.03.??"]
[EventType "team-tourn"]
[EventRounds "9"]
[WhiteTeam "Trostberg 1"]
[BlackTeam "Passau 2"]

1. d4 Nf6 2. Nf3 e6 3. e3 b6 4. Bd3 Bb7 5. O-O Be7 6. c4 d5 7. Nbd2 Nbd7 8. Qc2
c5 9. b3 Rc8 10. Bb2 b5 11. Ne5 bxc4 12. bxc4 Qc7 13. Rac1 Bd6 14. f4 h6 15.
Ndf3 dxc4 16. Bxc4 O-O 17. Qe2 Nb6 18. Bd3 Qe7 19. Bb1 Rfd8 20. Nd2 cxd4 21.
Bxd4 Bc5 22. Nb3 Bxd4 23. Nxd4 Qa3 24. Rxc8 Rxc8 25. Rd1 Nbd5 26. Nc2 Qb2 27.
Nd4 Qxe2 28. Nxe2 Nxe3 29. Rd2 Nxg2 30. Rb2 Bd5 31. Kf2 g6 32. Rb4 Nh4 33. Ra4
Rc7 34. Nd4 Nf5 35. Nb5 Rb7 36. Bd3 Ne7 37. Nxa7 Rb2+ 38. Ke1 Rxa2 39. Rxa2
Bxa2 40. Nb5 Ned5 41. Nd6 Nxf4 42. Bc2 Kg7 43. Ndxf7 Bd5 44. Nd6 g5 45. Nb5 h5
46. Nc3 Bb7 47. Kf2 h4 48. Bd1 Ne4+ 49. Nxe4 Bxe4 50. Ng4 Bf5 51. Ne3 Nd3+ 52.
Kg1 Kf6 53. Be2 Nf4 54. Bd1 e5 55. Kf2 e4 56. Ba4 Be6 57. Bb5 Ke5 58. Ba6 g4
59. Nc2 Nd5 60. Be2 Kf4 61. Nd4 Bd7 62. Bc4 e3+ 63. Kg1 Ke4 64. Ne2 Nf4 65. Nc1
Kf3 66. Kf1 g3 67. hxg3 hxg3 68. Kg1 g2 69. Kh2 Kf2 0-1

[Event "Bayern-chTT (RL Sued-Ost)"]
[Site "Bayern 2008/09"]
[Date "2009.01.11"]
[Round "5.6"]
[White "Huber, Hans"]
[Black "Schneider, Roland(70)"]
[Result "1/2-1/2"]
[WhiteElo "1921"]
[BlackElo "1986"]
[PlyCount "97"]
[EventDate "2009.03.??"]
[EventType "team-tourn"]
[EventRounds "9"]
[WhiteTeam "Trostberg 1"]
[BlackTeam "Passau 2"]

1. Nf3 c5 2. c4 Nf6 3. g3 d5 4. cxd5 Nxd5 5. Bg2 Nc6 6. O-O e5 7. d3 Be7 8. h3
O-O 9. Nc3 Nc7 10. a3 Be6 11. Be3 Rc8 12. Rc1 f6 13. Ne4 b6 14. Nfd2 Qd7 15. g4
Nd5 16. Ng3 Nf4 17. Bxf4 exf4 18. Nf5 Bxf5 19. gxf5 Qxf5 20. Qb3+ Kh8 21. Qd5
Qxd5 22. Bxd5 Nd4 23. Rfe1 Rfd8 24. Bg2 g6 25. Nf3 Nf5 26. Rc4 Bd6 27. Rec1 Re8
28. Kf1 Rcd8 29. d4 b5 30. R4c2 cxd4 31. Ne1 b4 32. axb4 Bxb4 33. Nd3 Bd6 34.
Ra1 Re7 35. Ra4 Kg7 36. Rac4 h5 37. b4 Be5 38. Rc8 Rxc8 39. Rxc8 Nd6 40. Rc5 g5
41. Bf3 Kg6 42. Rc6 Nf7 43. Nc5 Nh6 44. Be4+ Kg7 45. Ne6+ Kf7 46. Nxg5+ fxg5
47. Rxh6 Bf6 48. Bd3 Rc7 49. Rh7+ 1/2-1/2

[Event "Bayern-chTT (RL Sued-Ost)"]
[Site "Bayern 2008/09"]
[Date "2009.01.11"]
[Round "5.7"]
[White "Heyne, Gerhard"]
[Black "Penn, Peter"]
[Result "1-0"]
[WhiteElo "1955"]
[BlackElo "1882"]
[PlyCount "73"]
[EventDate "2009.03.??"]
[EventType "team-tourn"]
[EventRounds "9"]
[WhiteTeam "Passau 2"]
[BlackTeam "Trostberg 1"]

1. e4 e6 2. d4 d5 3. exd5 exd5 4. Nf3 Bd6 5. c4 c6 6. Nc3 Ne7 7. c5 Bc7 8. Bd3
Bf5 9. O-O O-O 10. Bg5 f6 11. Be3 Re8 12. Qc2 Bxd3 13. Qxd3 b5 14. Rfe1 Nd7 15.
Bd2 Nf8 16. Nh4 Qd7 17. h3 Nfg6 18. Nxg6 Nxg6 19. Qf3 Rxe1+ 20. Rxe1 Re8 21.
Rxe8+ Qxe8 22. Nxb5 cxb5 23. Qxd5+ Kf8 24. Qb7 Qd7 25. Qa8+ Kf7 26. d5 Be5 27.
Bb4 Ne7 28. d6 Nc6 29. Bc3 Bxc3 30. bxc3 h6 31. g4 Kg6 32. Qg8 Ne5 33. Qd5 Qc6
34. Qe6 Kh7 35. f4 Qd7 36. Qxd7 Nxd7 37. c6 1-0

[Event "Bayern-chTT (RL Sued-Ost)"]
[Site "Bayern 2008/09"]
[Date "2009.01.11"]
[Round "5.1"]
[White "Riedel, Wolfgang(52)"]
[Black "Ploehn, Heiko"]
[Result "1-0"]
[WhiteElo "2209"]
[BlackElo "2128"]
[PlyCount "57"]
[EventDate "2009.03.??"]
[EventType "team-tourn"]
[EventRounds "9"]
[WhiteTeam "Gräfelfing 1"]
[BlackTeam "Landshut 1"]

1. d4 Nf6 2. c4 e5 3. dxe5 Ng4 4. Nf3 Bc5 5. e3 Nc6 6. a3 a5 7. Nc3 O-O 8. b3
Re8 9. Be2 Ngxe5 10. Nxe5 Nxe5 11. O-O Ra6 12. Nd5 Rh6 13. b4 Ba7 14. c5 Qh4
15. h3 d6 16. f4 Rg6 17. Rf2 Bxh3 18. fxe5 dxe5 19. Bh5 Bg4 20. Bxg4 Rxg4 21.
Ne7+ Kf8 22. Nf5 Rd8 23. Bd2 Qh5 24. e4 Qg6 25. Qf3 b6 26. Be3 h5 27. Rd1 Rxd1+
28. Qxd1 Kg8 29. Ne7+ 1-0

[Event "Bayern-chTT (RL Sued-Ost)"]
[Site "Bayern 2008/09"]
[Date "2009.01.11"]
[Round "5.2"]
[White "Nurbekoglu, Michael"]
[Black "Gesing, Oliver"]
[Result "1-0"]
[WhiteElo "2038"]
[BlackElo "2079"]
[PlyCount "67"]
[EventDate "2009.03.??"]
[EventType "team-tourn"]
[EventRounds "9"]
[WhiteTeam "Landshut 1"]
[BlackTeam "Gräfelfing 1"]

1. e4 e6 2. d4 d5 3. Nc3 Bb4 4. e5 c5 5. a3 Bxc3+ 6. bxc3 Ne7 7. Qg4 cxd4 8.
Qxg7 Rg8 9. Qxh7 Qc7 10. Ne2 Nbc6 11. f4 Bd7 12. Qd3 dxc3 13. Qxc3 Nf5 14. Rb1
d4 15. Qd3 O-O-O 16. Rg1 f6 17. exf6 Be8 18. g4 Nd6 19. Bd2 Bf7 20. g5 Bg6 21.
Qb3 Rge8 22. Ng3 Qh7 23. Rc1 e5 24. f5 Nxf5 25. Nxf5 Bxf5 26. f7 Re6 27. Bc4
Rg6 28. Qg3 Be6 29. Bxe6+ Rxe6 30. g6 Qh5 31. Bb4 Nxb4 32. axb4 Qh6 33. Qg5 Qf8
34. g7 1-0

[Event "Bayern-chTT (RL Sued-Ost)"]
[Site "Bayern 2008/09"]
[Date "2009.01.11"]
[Round "5.3"]
[White "Hofmann, Juergen(59)"]
[Black "Schmaus, Horst(56)"]
[Result "1/2-1/2"]
[WhiteElo "2168"]
[BlackElo "2033"]
[PlyCount "40"]
[EventDate "2009.03.??"]
[EventType "team-tourn"]
[EventRounds "9"]
[WhiteTeam "Gräfelfing 1"]
[BlackTeam "Landshut 1"]

1. e4 c5 2. Nf3 e6 3. d4 cxd4 4. Nxd4 Nf6 5. Nc3 d6 6. Bg5 Be7 7. Qd2 a6 8.
O-O-O Qc7 9. f4 Nbd7 10. Nf3 O-O 11. Qe1 b5 12. e5 dxe5 13. fxe5 Nd5 14. Nxd5
Bxg5+ 15. Nxg5 exd5 16. e6 Ne5 17. exf7+ Nxf7 18. Ne6 Bxe6 19. Qxe6 Qf4+ 20.
Kb1 Rfe8 1/2-1/2

[Event "Bayern-chTT (RL Sued-Ost)"]
[Site "Bayern 2008/09"]
[Date "2009.01.11"]
[Round "5.4"]
[White "Schmidt, Wolfgang(12.62)"]
[Black "Luft, Martin"]
[Result "1/2-1/2"]
[WhiteElo "2276"]
[BlackElo "2109"]
[PlyCount "32"]
[EventDate "2009.03.??"]
[EventType "team-tourn"]
[EventRounds "9"]
[WhiteTeam "Landshut 1"]
[BlackTeam "Gräfelfing 1"]

1. e4 b6 2. d4 Bb7 3. Bd3 e6 4. Ne2 d5 5. e5 Ba6 6. Bxa6 Nxa6 7. c4 c6 8. cxd5
Qxd5 9. O-O Ne7 10. Nbc3 Qd7 11. Qa4 Nc7 12. Bg5 h6 13. Bd2 Nf5 14. Ne4 Nb5 15.
Rfd1 Be7 16. Rac1 O-O 1/2-1/2

[Event "Bayern-chTT (RL Sued-Ost)"]
[Site "Bayern 2008/09"]
[Date "2009.01.11"]
[Round "5.5"]
[White "Wuerdinger, Alexander"]
[Black "Wist, Alexander"]
[Result "0-1"]
[WhiteElo "2074"]
[BlackElo "2088"]
[PlyCount "72"]
[EventDate "2009.03.??"]
[EventType "team-tourn"]
[EventRounds "9"]
[WhiteTeam "Gräfelfing 1"]
[BlackTeam "Landshut 1"]

1. e4 c5 2. Nc3 d6 3. f4 Nc6 4. Nf3 Nd4 5. Bc4 a6 6. O-O e6 7. f5 b5 8. Nxd4
cxd4 9. fxe6 fxe6 10. Qh5+ g6 11. Qf3 Qf6 12. Nxb5 axb5 13. Bxb5+ Ke7 14. Qb3
Qe5 15. Bc6 Ba6 16. Bxa8 Bxf1 17. Kxf1 Bh6 18. Bc6 Qxh2 19. Qh3 Qe5 20. b4 Bf4
21. Kg1 d3 22. c3 Nf6 23. Qxd3 Ng4 24. g3 Bxg3 25. Kg2 Bh4 26. Qh3 Qh5 27. d4
Rf8 28. Bb5 Nf2 29. Be2 Qxe2 30. Qxh4+ Ke8 31. Bh6 Nd1+ 32. Kh3 Rf3+ 33. Kg4
Nf2+ 34. Kg5 Nxe4+ 35. Kg4 Rg3+ 36. Kf4 Qf3# 0-1

[Event "Bayern-chTT (RL Sued-Ost)"]
[Site "Bayern 2008/09"]
[Date "2009.01.11"]
[Round "5.6"]
[White "Neubauer, Andreas(78)"]
[Black "Hock, Martin"]
[Result "1-0"]
[WhiteElo "2056"]
[BlackElo "1990"]
[PlyCount "147"]
[EventDate "2009.03.??"]
[EventType "team-tourn"]
[EventRounds "9"]
[WhiteTeam "Landshut 1"]
[BlackTeam "Gräfelfing 1"]

1. Nf3 Nf6 2. d4 g6 3. c4 Bg7 4. Nc3 O-O 5. e4 d6 6. Be2 e5 7. d5 Nbd7 8. O-O
Nh5 9. Qc2 Nf4 10. Bxf4 exf4 11. Rad1 Ne5 12. Nd4 a6 13. b4 b6 14. Nb1 f5 15.
Nd2 fxe4 16. Nxe4 Qh4 17. c5 bxc5 18. bxc5 dxc5 19. Nxc5 f3 20. Nxf3 Nxf3+ 21.
Bxf3 Rxf3 22. gxf3 Bh3 23. Ne4 Bxf1 24. Kxf1 Qh3+ 25. Ke2 Rf8 26. Rd3 Qxh2 27.
Qc4 Kh8 28. Qxa6 Qe5 29. Qc4 Rb8 30. Rb3 Rxb3 31. Qxb3 h5 32. Kf1 Kh7 33. Qb5
Kh6 34. Qd7 Qa1+ 35. Kg2 Be5 36. a4 Qc1 37. a5 Qf4 38. a6 Qh2+ 39. Kf1 Bd4 40.
Qa4 Ba7 41. Qe8 Qh1+ 42. Ke2 Qa1 43. Qf8+ Qg7 44. Qf4+ g5 45. Qc1 Qe5 46. Qc6+
Kg7 47. Qb7 Bb6 48. d6 g4 49. fxg4 hxg4 50. dxc7 Qb5+ 51. Kd2 Qb2+ 52. Kd3 Qd4+
53. Kc2 Qa4+ 54. Kc3 Qd4+ 55. Kb3 Qd1+ 56. Kc4 Qa4+ 57. Kd5 Qd4+ 58. Ke6 Qc4+
59. Qd5 Qxc7 60. Qg5+ Kf8 61. Qh6+ Qg7 62. Qxg7+ Kxg7 63. Kf5 Kf7 64. Kxg4 Ke6
65. f4 Kd5 66. Nc3+ Kc6 67. f5 Bd4 68. Na4 Kb5 69. f6 Kxa6 70. f7 Bg7 71. Kf5
Kb5 72. Nc3+ Kc6 73. Ke6 Bf8 74. Nd5 1-0

[Event "Bayern-chTT (RL Sued-Ost)"]
[Site "Bayern 2008/09"]
[Date "2009.01.11"]
[Round "5.7"]
[White "Soergel, Thomas"]
[Black "Schubert, Josef(59)"]
[Result "1/2-1/2"]
[WhiteElo "1942"]
[BlackElo "1932"]
[PlyCount "91"]
[EventDate "2009.03.??"]
[EventType "team-tourn"]
[EventRounds "9"]
[WhiteTeam "Gräfelfing 1"]
[BlackTeam "Landshut 1"]

1. c4 e5 2. Nc3 d6 3. g3 g6 4. Bg2 Bg7 5. Nf3 f5 6. d4 e4 7. Ng5 Nf6 8. O-O Qe7
9. f3 h6 10. Nh3 exf3 11. exf3 O-O 12. Re1 Qf7 13. Qd3 Na6 14. a3 Bd7 15. Bd2
c6 16. Bf4 d5 17. c5 Rfe8 18. Be5 Nh5 19. Bxg7 Kxg7 20. Qd2 Nc7 21. Ne2 a6 22.
Nhf4 Nxf4 23. Nxf4 Ne6 24. Nxe6+ Rxe6 25. Rxe6 Bxe6 26. Re1 Re8 27. Re5 Bd7 28.
Qe3 Rxe5 29. Qxe5+ Qf6 30. Qxf6+ Kxf6 31. f4 g5 32. Kf2 g4 33. Ke3 Ke7 34. Kd2
Kd8 35. Bf1 Bc8 36. Kc3 Kc7 37. Kb4 Bd7 38. Ka5 Bc8 39. b4 Bd7 40. a4 Be6 41.
b5 axb5 42. axb5 Bc8 43. Bd3 Be6 44. b6+ Kd8 45. Bf1 Bc8 46. Kb4 1/2-1/2

[Event "Bayern-chTT (RL Sued-Ost)"]
[Site "Bayern 2008/09"]
[Date "2009.01.11"]
[Round "5.8"]
[White "Siebert, Joachim"]
[Black "Jordan, Tobias"]
[Result "1-0"]
[WhiteElo "1899"]
[BlackElo "1927"]
[PlyCount "111"]
[EventDate "2009.03.??"]
[EventType "team-tourn"]
[EventRounds "9"]
[WhiteTeam "Landshut 1"]
[BlackTeam "Gräfelfing 1"]

1. d4 e6 2. c4 f5 3. Nc3 Nf6 4. g3 Bb4 5. Bg2 Bxc3+ 6. bxc3 d6 7. e3 O-O 8. Ne2
e5 9. c5 dxc5 10. Qb3+ Kh8 11. dxe5 Ne4 12. O-O Nc6 13. Rd1 Qe8 14. f4 b6 15.
Bb2 Ba6 16. Qc2 Na5 17. Re1 Rd8 18. Rad1 Qh5 19. Nc1 Nc4 20. Rxd8 Rxd8 21. Bxe4
fxe4 22. Nb3 Qf3 23. Bc1 Rd3 24. Qf2 Qxf2+ 25. Kxf2 Rxc3 26. Rd1 Rd3 27. Rxd3
exd3 28. e4 Kg8 29. Nd2 Nxd2 30. Bxd2 Kf7 31. f5 Bc4 32. a3 c6 33. Ke3 h5 34.
Bc3 g6 35. h3 gxf5 36. exf5 Ba6 37. g4 hxg4 38. hxg4 c4 39. g5 Bc8 40. g6+ Kg7
41. Kf4 a5 42. Kg5 a4 43. f6+ Kf8 44. f7 Ke7 45. Kh6 Kf8 46. Kh7 Bf5 47. e6 Ke7
48. Kg7 Kxe6 49. f8=Q Bxg6 50. Qf6+ Kd7 51. Kxg6 b5 52. Kf5 c5 53. Ke5 b4 54.
Qd6+ Kc8 55. Qxc5+ Kd7 56. Bxb4 1-0

[Event "Bayern-chTT (RL Sued-Ost)"]
[Site "Bayern 2008/09"]
[Date "2009.01.11"]
[Round "5.1"]
[White "Lammers, Markus"]
[Black "Zenker, Ulrich"]
[Result "1-0"]
[WhiteElo "2243"]
[BlackElo "2163"]
[PlyCount "65"]
[EventDate "2009.03.??"]
[EventType "team-tourn"]
[EventRounds "9"]
[WhiteTeam "Ilmmünster 1"]
[BlackTeam "Ebersberg 1"]

1. Nf3 Nf6 2. g3 d6 3. d4 Nbd7 4. Bg2 e5 5. c4 Be7 6. O-O c6 7. Nc3 O-O 8. e4
a6 9. Qc2 Qc7 10. b3 b5 11. Bb2 b4 12. Na4 c5 13. dxe5 dxe5 14. Nh4 g6 15. f4
Rb8 16. Rae1 Nh5 17. Nf5 gxf5 18. exf5 f6 19. g4 Bd6 20. Bd5+ Kh8 21. fxe5 Nxe5
22. gxh5 Bb7 23. Qd1 Rg8+ 24. Kh1 Rg5 25. Rg1 Rbg8 26. Rxg5 Rxg5 27. Rg1 Bxd5+
28. Qxd5 Rxg1+ 29. Kxg1 Ng4 30. Qf3 Bxh2+ 31. Kg2 Ne5 32. Qe4 Nf7 33. Bxf6+ 1-0

[Event "Bayern-chTT (RL Sued-Ost)"]
[Site "Bayern 2008/09"]
[Date "2009.01.11"]
[Round "5.2"]
[White "Kislinger, Georg"]
[Black "Loder, Wilhelm"]
[Result "0-1"]
[WhiteElo "2095"]
[BlackElo "2096"]
[PlyCount "74"]
[EventDate "2009.03.??"]
[EventType "team-tourn"]
[EventRounds "9"]
[WhiteTeam "Ebersberg 1"]
[BlackTeam "Ilmmünster 1"]

1. d4 Nf6 2. Nf3 g6 3. c4 Bg7 4. Nc3 O-O 5. e4 d6 6. Be2 e5 7. O-O Na6 8. d5
Nc5 9. Qc2 a5 10. Ne1 Bd7 11. b3 h6 12. Bd2 Nh7 13. Nd3 Nxd3 14. Bxd3 f5 15. f3
f4 16. g4 h5 17. gxh5 Qg5+ 18. Kf2 Qxh5 19. Ke2 Bh3 20. Rf2 Bf6 21. Nb5 Bh4 22.
Raf1 Bxf2 23. Rxf2 Ng5 24. Kd1 Nxf3 25. Be2 Bg4 26. Bxf3 Bxf3+ 27. Kc1 Rf7 28.
c5 dxc5 29. Qxc5 Bg4 30. Nxc7 Rxc7 31. Qxc7 Rc8 32. d6 b6 33. Bc3 Rxc7 34. dxc7
f3 35. Rd2 Qh3 36. Bxe5 Qf1+ 37. Rd1 Qxd1+ 0-1

[Event "Bayern-chTT (RL Sued-Ost)"]
[Site "Bayern 2008/09"]
[Date "2009.01.11"]
[Round "5.3"]
[White "Seisenberger, Georg"]
[Black "Schweiger, Georg"]
[Result "1/2-1/2"]
[WhiteElo "2051"]
[BlackElo "2059"]
[PlyCount "58"]
[EventDate "2009.03.??"]
[EventType "team-tourn"]
[EventRounds "9"]
[WhiteTeam "Ilmmünster 1"]
[BlackTeam "Ebersberg 1"]

1. e4 e6 2. d4 d5 3. Nc3 Bb4 4. exd5 exd5 5. Bd3 Ne7 6. a3 Bxc3+ 7. bxc3 Bf5 8.
Rb1 Bxd3 9. Qxd3 b6 10. Ne2 O-O 11. O-O Nbc6 12. f4 f5 13. c4 Na5 14. cxd5 Qxd5
15. Bd2 Nec6 16. Rb5 Qc4 17. d5 Rad8 18. Bxa5 Nxa5 19. Rf3 a6 20. Qxc4 Nxc4 21.
Rb4 b5 22. Rd3 Rfe8 23. Kf2 Re4 24. g3 Nb6 25. Nc3 Rc4 26. Rxc4 Nxc4 27. Nd1 g6
28. Ne3 Nd6 29. Kf3 Rd7 1/2-1/2

[Event "Bayern-chTT (RL Sued-Ost)"]
[Site "Bayern 2008/09"]
[Date "2009.01.11"]
[Round "5.4"]
[White "Krause, Christian(42)"]
[Black "Reischl, Markus"]
[Result "1/2-1/2"]
[WhiteElo "1965"]
[BlackElo "2058"]
[PlyCount "71"]
[EventDate "2009.03.??"]
[EventType "team-tourn"]
[EventRounds "9"]
[WhiteTeam "Ebersberg 1"]
[BlackTeam "Ilmmünster 1"]

1. c4 Nf6 2. Nc3 c5 3. e4 Nc6 4. g3 g6 5. Bg2 Bg7 6. Nge2 O-O 7. O-O d6 8. d3
Ne8 9. Be3 a6 10. d4 cxd4 11. Nxd4 Ne5 12. b3 Ng4 13. Bc1 Qb6 14. Nce2 Bd7 15.
h3 Ne5 16. f4 Nc6 17. Be3 Qc7 18. Rc1 Nxd4 19. Nxd4 e5 20. Ne2 Bc6 21. Nc3 Nf6
22. Nd5 Bxd5 23. cxd5 Qd7 24. fxe5 dxe5 25. Kh2 Rfc8 26. Qd2 Rxc1 27. Rxc1 Rc8
28. Rc4 Ne8 29. Qc2 Nd6 30. Rxc8+ Qxc8 31. Qxc8+ Nxc8 32. Bf1 Bf8 33. Bd3 f6
34. g4 Kf7 35. Kg2 Nd6 36. Kf3 1/2-1/2

[Event "Bayern-chTT (RL Sued-Ost)"]
[Site "Bayern 2008/09"]
[Date "2009.01.11"]
[Round "5.6"]
[White "Kramer, Melik Kurt"]
[Black "Niedermeier, Thomas(90)"]
[Result "0-1"]
[WhiteElo "1955"]
[BlackElo "1976"]
[PlyCount "118"]
[EventDate "2009.03.??"]
[EventType "team-tourn"]
[EventRounds "9"]
[WhiteTeam "Ebersberg 1"]
[BlackTeam "Ilmmünster 1"]

1. e4 Nf6 2. Nc3 d5 3. e5 Nfd7 4. Nxd5 Nxe5 5. Ne3 Nbc6 6. Be2 e6 7. Nf3 Nxf3+
8. Bxf3 Nd4 9. O-O Nxf3+ 10. Qxf3 Be7 11. d3 O-O 12. Bd2 Rb8 13. Bc3 Bd7 14.
Qg3 f6 15. Rae1 b5 16. b3 Bd6 17. Qg4 c5 18. Qe2 Qc7 19. h3 Rbe8 20. d4 Qb7 21.
Ba1 Bc6 22. Rd1 f5 23. f3 cxd4 24. Bxd4 Bb8 25. Bc5 Rf6 26. Bd6 e5 27. Bxb8
Rxb8 28. Rd2 Qb6 29. Kh1 Qc5 30. Rfd1 h6 31. Nd5 Re6 32. Nf4 Ree8 33. Nd3 Qe7
34. f4 exf4 35. Qxe7 Rxe7 36. Nxf4 Rbe8 37. Kg1 Re1+ 38. Rxe1 Rxe1+ 39. Kf2 Ra1
40. c3 Rc1 41. Ne2 Ra1 42. Nd4 Bd7 43. Ne2 Be8 44. Ke3 Kf7 45. Kd4 Bc6 46. Nf4
g5 47. Kc5 Be4 48. Nd5 Rg1 49. Ne3 f4 50. Ng4 Bxg2 51. h4 gxh4 52. Nxh6+ Kg6
53. Ng4 Kg5 54. Nf2 f3 55. Kd4 Kf4 56. c4 bxc4 57. bxc4 h3 58. c5 h2 59. c6 Rc1
0-1

[Event "Bayern-chTT (RL Sued-Ost)"]
[Site "Bayern 2008/09"]
[Date "2009.01.11"]
[Round "5.7"]
[White "Schwertler, Philipp"]
[Black "Bauer, Frank(75)"]
[Result "0-1"]
[WhiteElo "1944"]
[BlackElo "1935"]
[PlyCount "102"]
[EventDate "2009.03.??"]
[EventType "team-tourn"]
[EventRounds "9"]
[WhiteTeam "Ilmmünster 1"]
[BlackTeam "Ebersberg 1"]

1. d4 Nf6 2. c4 e6 3. Nc3 Bb4 4. Nf3 c5 5. d5 Ne4 6. Qc2 Nxc3 7. bxc3 Qf6 8.
Bd2 Ba5 9. g3 h6 10. Bg2 e5 11. O-O O-O 12. Nh4 Bc7 13. f4 exf4 14. Bxf4 Bxf4
15. Rxf4 Qg5 16. Raf1 d6 17. Ng6 Re8 18. Rxf7 Nd7 19. R7f4 Nf6 20. Qd3 Bg4 21.
R4f2 Qe3 22. Nf4 Re7 23. Ne6 Qe5 24. Nxg7 Rxg7 25. Rxf6 Bxe2 26. Qd2 Bxf1 27.
Rxf1 Qg5 28. Qe2 Rf8 29. Qe6+ Rgf7 30. Rf4 h5 31. Be4 Kg7 32. Rxf7+ Rxf7 33.
Bd3 Qf6 34. Qxf6+ Rxf6 35. Kg2 Kh6 36. h3 Kg5 37. Be2 Rf8 38. h4+ Kg6 39. g4
hxg4 40. Kg3 Re8 41. Bxg4 Re3+ 42. Kf4 Rxc3 43. Be2 Ra3 44. h5+ Kf6 45. h6 Rxa2
46. h7 Kg7 47. Bd3 Rf2+ 48. Ke3 Rh2 49. Kf4 a5 50. Kf5 Kf7 51. Kg5 a4 0-1

[Event "Bayern-chTT (RL Sued-Ost)"]
[Site "Bayern 2008/09"]
[Date "2009.01.11"]
[Round "5.8"]
[White "Becher, Georg"]
[Black "Baier, Herbert(65)"]
[Result "1/2-1/2"]
[WhiteElo "1831"]
[BlackElo "1961"]
[PlyCount "26"]
[EventDate "2009.03.??"]
[EventType "team-tourn"]
[EventRounds "9"]
[WhiteTeam "Ebersberg 1"]
[BlackTeam "Ilmmünster 1"]

1. d4 d5 2. Nf3 Nc6 3. g3 Bg4 4. Bg2 Qd7 5. c3 O-O-O 6. h4 f6 7. b4 Re8 8. a4
h5 9. a5 Nd8 10. Qb3 c6 11. b5 cxb5 12. a6 b6 13. Na3 e5 1/2-1/2